000
00284nam a2200121Ia 4500
005
20251222155125.0
008
251222s9999||||xx |||||||||||||| ||spa||
082
_a
FAR. 08
100
_a
Univ. de Lima,
245
0
_a
Industria Farmacéutica
264
_b
Univ. De Lima
942
_c
LIB
999
_c
38577
_d
38577